| 000 | 00510nam a2200169Ia 4500 | ||
|---|---|---|---|
| 003 | OSt | ||
| 005 | 20211203125427.0 | ||
| 008 | 190216s9999||||xx |||||||||||||| ||und|| | ||
| 020 | _a9788125026570 | ||
| 040 | _coclc | ||
| 082 |
_a907.2054 _bSRE/T |
||
| 100 |
_aSreedharan, E _92110 |
||
| 245 | 0 |
_aA Text Book Of Historiography 500 Bc To 2000 Ad / _cE Sreedharan |
|
| 260 |
_bOrient Longman, _aHyderbad: _c2000. |
||
| 300 | _a570p | ||
| 942 |
_cBK _2ddc _h907.2054 _iSRE/T _k907.2054 _mSRE/T |
||
| 999 |
_c21052 _d21052 |
||